Nghiên cứu bào chế kem bôi da làm lành vết thương từ dịch chiết Ethanol của rau diếp cá (Houttuynia cordata) : Báo cáo tổng kết đề tài nghiên cứu Khoa học của sinh viên
Khảo sát khả năng làm lành vết thương của dịch chiết ethanol từ cây diếp cá, bào chế kem bôi da làm lành vết thương trong 16 ngày từ dịch chiết ethanol của cây diếp cá.
Saved in:
| Main Author: | |
|---|---|
| Format: | Book |
| Language: | Undetermined |
| Published: |
Cần Thơ
Trường Đại học Cần Thơ
2016
|
| Subjects: | |
| Tags: |
Add Tag
No Tags, Be the first to tag this record!
|
| Institutions: | Trung tâm Học liệu Trường Đại học Cần Thơ |
|---|
| LEADER | 01219nam a2200205Ia 4500 | ||
|---|---|---|---|
| 001 | CTU_223346 | ||
| 008 | 210402s9999 xx 000 0 und d | ||
| 082 | |a 615.19 | ||
| 082 | |b X502 | ||
| 088 | |a TSV2016-25 | ||
| 100 | |a Trần, Thanh Xuân | ||
| 245 | 0 | |a Nghiên cứu bào chế kem bôi da làm lành vết thương từ dịch chiết Ethanol của rau diếp cá (Houttuynia cordata) : | |
| 245 | 0 | |b Báo cáo tổng kết đề tài nghiên cứu Khoa học của sinh viên | |
| 245 | 0 | |c Trần Thanh Xuân (Chủ nhiệm đề tài) ; Lê Thanh Phước (Người hướng dẫn) ; Nguyễn Thiện Toàn, Nguyễn Hùng Cường (Thành viên tham gia) | |
| 260 | |a Cần Thơ | ||
| 260 | |b Trường Đại học Cần Thơ | ||
| 260 | |c 2016 | ||
| 520 | |a Khảo sát khả năng làm lành vết thương của dịch chiết ethanol từ cây diếp cá, bào chế kem bôi da làm lành vết thương trong 16 ngày từ dịch chiết ethanol của cây diếp cá. | ||
| 650 | |a Hóa dược,Pharmaceutical chemistry | ||
| 980 | |a Trung tâm Học liệu Trường Đại học Cần Thơ | ||